[Event "XV C.to Mondiale seniores"]
[Site "Lignano Sabbiadoro ITA"]
[Date "2005.10.07"]
[Round "9"]
[White "Barlocco, Carlo"]
[Black "Ousatchi, Mark"]
[Result "1/2-1/2"]
[WhiteElo "2235"]
[BlackElo "2169"]
[PlyCount "108"]
[EventDate "2005.09.28"]

1. d4 d5 2. c4 c6 3. Nc3 Nf6 4. cxd5 cxd5 5. Nf3 e6 6. Bf4 Nc6 7. e3 a6 8. Bd3
Bd6 9. Bg3 Bxg3 10. hxg3 Bd7 11. Rc1 b5 12. Ne5 Rc8 13. Bb1 h6 14. O-O h5 15.
e4 h4 16. g4 h3 17. Re1 hxg2 18. Kxg2 Nxe5 19. dxe5 Nxe4 20. Nxe4 dxe4 21. Rxc8
Bxc8 22. Qxd8+ Kxd8 23. Bxe4 Kc7 24. Rc1+ Kb8 25. Rd1 Kc7 26. Kf3 f5 27. gxf5
exf5 28. Bd5 g5 29. Ke3 f4+ 30. Ke4 Rf8 31. Rc1+ Kd8 32. e6 g4 33. Rg1 Ke7 34.
Rxg4 Bxe6 35. Bxe6 Kxe6 36. Rg6+ Kd7 37. Rxa6 Kc7 38. a4 Rd8 39. axb5 Rd2 40.
f3 Rxb2 41. Kxf4 Rxb5 42. Re6 Kd7 43. Re5 Rb3 44. Kg4 Rb8 45. f4 Rg8+ 46. Kf5
Rf8+ 47. Ke4 Rh8 48. Kf3 Kd6 49. Re1 Rh7 50. f5 Re7 51. Ra1 Ke5 52. Ra5+ Kf6
53. Kf4 Re8 54. Ra6+ Kf7 1/2-1/2

[Event "XV C.to Mondiale seniores"]
[Site "Lignano Sabbiadoro ITA"]
[Date "2005.10.07"]
[Round "9"]
[White "Belokopyt, Boris"]
[Black "Hasberger, Walter"]
[Result "0-1"]
[WhiteElo "2111"]
[BlackElo "1975"]
[PlyCount "158"]
[EventDate "2005.09.28"]

1. d4 d5 2. e4 e6 3. e5 c5 4. c3 Nc6 5. f4 Qb6 6. Nf3 cxd4 7. cxd4 Bb4+ 8. Nc3
Nge7 9. a3 Bxc3+ 10. bxc3 Bd7 11. Bd3 Rc8 12. O-O Na5 13. Rb1 Qd8 14. Qe1 b6
15. Ng5 h6 16. Nh3 Nc4 17. Kh1 Nf5 18. g4 Qh4 19. Qxh4 Nxh4 20. f5 g5 21. Ng1
Ke7 22. Ne2 Ba4 23. Ng3 Rhf8 24. h3 Nxe5 25. f6+ Kd7 26. dxe5 Rxc3 27. Rb4 Rxd3
28. Rxa4 a5 29. Ne2 Rc8 30. Kg1 Nf3+ 31. Kf2 Nxe5 32. Be3 Rc4 33. Rxc4 Nxc4 34.
Bc1 b5 35. h4 gxh4 36. Rh1 e5 37. Rxh4 b4 38. axb4 axb4 39. Rxh6 b3 40. g5 b2
41. Bxb2 Nxb2 42. Rh7 Ke6 43. Ng3 e4 44. Rh8 Rf3+ 45. Kg2 Nc4 46. Re8+ Kd6 47.
Rd8+ Ke6 48. Re8+ Kd6 49. Rd8+ Kc6 50. Rc8+ Kd6 51. Nxe4+ dxe4 52. Rxc4 Rf5 53.
Rd4+ Ke5 54. Rd7 Rxg5+ 55. Kf2 Kxf6 56. Ke3 Rg4 57. Rd8 Kg5 58. Rg8+ Kf5 59.
Rf8 Rg3+ 60. Kf2 Rf3+ 61. Kg2 Ke5 62. Re8+ Kf4 63. Rh8 f5 64. Rh4+ Ke3 65. Rh8
Rf2+ 66. Kg1 f4 67. Ra8 Rd2 68. Ra3+ Ke2 69. Ra4 Kf3 70. Ra3+ e3 71. Rb3 Ke4
72. Rb4+ Rd4 73. Rb1 f3 74. Kf1 e2+ 75. Kf2 Rd1 76. Rb4+ Kd5 77. Kxf3 e1=Q 78.
Rf4 Qf1+ 79. Kg3 Qxf4+ 0-1

[Event "XV C.to Mondiale seniores"]
[Site "Lignano Sabbiadoro ITA"]
[Date "2005.10.07"]
[Round "9"]
[White "Bitzer, Dieter"]
[Black "Hocevar, Nikola"]
[Result "0-1"]
[WhiteElo "2003"]
[BlackElo "2093"]
[PlyCount "106"]
[EventDate "2005.09.28"]

1. e4 c5 2. Nf3 Nc6 3. c3 d5 4. exd5 Qxd5 5. Be2 e5 6. c4 Qd8 7. Nc3 Nf6 8. d3
h6 9. O-O Be7 10. Re1 O-O 11. Bf1 Bd6 12. Be3 Re8 13. Qc1 Bf8 14. Nd2 b6 15.
Nde4 Bb7 16. Nxf6+ Qxf6 17. Ne4 Qg6 18. f3 Rac8 19. a3 Nd4 20. Bxd4 cxd4 21. b4
Be7 22. Qb2 f5 23. Nd2 Bg5 24. Kh1 Qh5 25. g3 Bxd2 26. Qxd2 Qxf3+ 27. Bg2 Qxg2+
28. Qxg2 Bxg2+ 29. Kxg2 e4 30. Rad1 Kf7 31. Kf2 Kf6 32. Ke2 Ke5 33. Kd2 g5 34.
Kc2 e3 35. Re2 f4 36. gxf4+ gxf4 37. Rf1 Rg8 38. Kb3 Rcf8 39. Rf3 Rg1 40. Ka4
Rfg8 41. Kb5 R1g2 42. Rxg2 Rxg2 43. Rh3 e2 44. Rh5+ Rg5 45. Rxg5+ hxg5 46. Ka6
e1=Q 47. Kxa7 f3 48. Kxb6 f2 49. c5 f1=Q 50. c6 Qxd3 51. c7 Qc1 52. a4 Qxc7+
53. Kxc7 Qc4+ 0-1

[Event "XV C.to Mondiale seniores"]
[Site "Lignano Sabbiadoro ITA"]
[Date "2005.10.07"]
[Round "9"]
[White "Blaushtain, Boris"]
[Black "Ivanets, Vladimir"]
[Result "1/2-1/2"]
[WhiteElo "2170"]
[BlackElo "2290"]
[PlyCount "125"]
[EventDate "2005.09.28"]

1. d4 a6 2. c4 d6 3. Nc3 Nd7 4. e4 g6 5. f4 Bg7 6. Nf3 e6 7. Bd3 e5 8. d5 exf4
9. Bxf4 Ne5 10. Nxe5 dxe5 11. Be3 Nf6 12. h3 O-O 13. Qd2 b5 14. cxb5 axb5 15.
Bxb5 Ne8 16. g4 Nd6 17. Bd3 Ba6 18. Bxa6 Rxa6 19. Qd3 Ra8 20. Rg1 Qb8 21. Rg2
Qb4 22. a3 Qb3 23. Qc2 Qb7 24. Bc5 Rfc8 25. b4 Bf8 26. Qd3 Be7 27. a4 Re8 28.
a5 Qc8 29. a6 Qd7 30. Ke2 Bf8 31. h4 Qd8 32. g5 Qd7 33. Kd2 Reb8 34. Kc2 Nb5
35. Nxb5 Rxb5 36. Bxf8 Kxf8 37. Kc3 Rb6 38. Rc2 Qd6 39. b5 Qd7 40. Rb1 h6 41.
gxh6 Kg8 42. Rf2 Kh7 43. Rbf1 f6 44. Rb2 Kxh6 45. Qe3+ Kg7 46. Qd3 Qe7 47. Qc4
Kh6 48. Kc2 Qa3 49. Rfb1 Qd6 50. Rb3 Qd7 51. Qe2 Rf8 52. Qe3+ Kg7 53. Qg3 Qe7
54. Rg1 f5 55. exf5 Rxf5 56. Re1 Rbf6 57. Re2 Rf4 58. h5 Qe8 59. Rc3 Qxb5 60.
Rxc7+ Kh8 61. Qc3 Qa4+ 62. Kd2 Rd4+ 63. Ke3 1/2-1/2

[Event "XV C.to Mondiale seniores"]
[Site "Lignano Sabbiadoro ITA"]
[Date "2005.10.07"]
[Round "9"]
[White "Bue, Gunnar"]
[Black "Pagnutti, Lorenzo"]
[Result "1/2-1/2"]
[WhiteElo "1901"]
[BlackElo "2014"]
[PlyCount "71"]
[EventDate "2005.09.28"]

1. d4 Nf6 2. c4 g6 3. Nc3 Bg7 4. e4 O-O 5. f3 d6 6. Be3 e5 7. d5 c6 8. Bd3 cxd5
9. cxd5 Nbd7 10. Nge2 Nc5 11. Bc2 a5 12. O-O Bd7 13. a4 Rc8 14. Qd2 Re8 15.
Rfb1 Na6 16. Nb5 Bxb5 17. axb5 Nb4 18. Bd1 Nd7 19. Rc1 b6 20. Rxc8 Qxc8 21. Rc1
Nc5 22. Bxc5 bxc5 23. b3 h5 24. Ra1 Qc7 25. Nc3 Kh7 26. Na4 Bh6 27. Qe2 Ra8 28.
Kf2 Bg5 29. Nb2 Bd8 30. Nd3 Qb8 31. Nb2 Qc7 32. Qc4 Qe7 33. g3 Rb8 34. Bc2 Kg7
35. Nd3 Bb6 36. Kg2 1/2-1/2

[Event "XV C.to Mondiale seniores"]
[Site "Lignano Sabbiadoro ITA"]
[Date "2005.10.07"]
[Round "9"]
[White "Cavatorta, Fosco"]
[Black "Maugg, Ludwig"]
[Result "0-1"]
[WhiteElo "1985"]
[BlackElo "2125"]
[PlyCount "74"]
[EventDate "2005.09.28"]

1. e4 c5 2. Nf3 Nc6 3. d4 cxd4 4. Nxd4 Nf6 5. Nc3 e5 6. Ndb5 d6 7. Bg5 a6 8.
Na3 b5 9. Bxf6 gxf6 10. Nd5 f5 11. Bd3 Be6 12. O-O Bxd5 13. exd5 Ne7 14. c3 Bg7
15. Qh5 e4 16. Bc2 O-O 17. Rae1 Qc8 18. Bb3 Ng6 19. Nc2 Re8 20. Ne3 f4 21. Ng4
f5 22. Nh6+ Bxh6 23. Qxh6 Qd8 24. Bd1 Kh8 25. g4 Qf6 26. gxf5 Qxf5 27. Qh5 Qf6
28. Bg4 Re5 29. Qh3 f3 30. Kh1 Nf4 31. Qg3 Rg8 32. Rxe4 Rxe4 33. Qxf3 Re5 34.
Be6 Rg2 35. Bh3 Rg7 36. Be6 Qh6 37. Rg1 Rxg1+ 0-1

[Event "XV C.to Mondiale seniores"]
[Site "Lignano Sabbiadoro ITA"]
[Date "2005.10.07"]
[Round "9"]
[White "Fotland, Hans Christian"]
[Black "Korhonen, Erkki"]
[Result "0-1"]
[WhiteElo "2131"]
[BlackElo "2031"]
[PlyCount "42"]
[EventDate "2005.09.28"]

1. d4 g6 2. c4 Nf6 3. Nc3 Bg7 4. g3 O-O 5. Bg2 d6 6. Nf3 c5 7. O-O Nc6 8. d5
Na5 9. Qd3 a6 10. e4 Nd7 11. Nd2 b5 12. f4 bxc4 13. Qf3 Rb8 14. Re1 e6 15. Bf1
exd5 16. Nxd5 Nb6 17. Nxb6 Qxb6 18. Nxc4 Nxc4 19. Bxc4 Qb4 20. Qe2 Bd4+ 21. Kh1
Bg4 0-1

[Event "XV C.to Mondiale seniores"]
[Site "Lignano Sabbiadoro ITA"]
[Date "2005.10.07"]
[Round "9"]
[White "Gardi, Giuseppe"]
[Black "Smits, Oswald"]
[Result "1-0"]
[WhiteElo "2099"]
[BlackElo "1962"]
[PlyCount "110"]
[EventDate "2005.09.28"]

1. d4 g6 2. Nf3 Bg7 3. Bf4 Nf6 4. h3 O-O 5. e3 d6 6. Be2 b6 7. O-O Nbd7 8. a4
a6 9. Nbd2 Bb7 10. c3 c5 11. Qb1 Nh5 12. Bh2 f5 13. Ng5 Rf6 14. Qa2+ d5 15. e4
h6 16. e5 hxg5 17. exf6 Nhxf6 18. Nf3 Ne4 19. Bd3 e6 20. Rad1 c4 21. Bc2 b5 22.
Rfe1 Bf6 23. Ne5 Bxe5 24. dxe5 Nec5 25. axb5 axb5 26. Qb1 Kg7 27. Rd4 Qh8 28.
Qc1 Qh6 29. h4 g4 30. Qxh6+ Kxh6 31. Bf4+ Kg7 32. Kh2 Nb8 33. Rdd1 Nc6 34. f3
Rh8 35. Kg3 gxf3 36. gxf3 Nd7 37. b3 Ra8 38. bxc4 bxc4 39. Rb1 Bc8 40. Ra1 Rb8
41. Ba4 Rb6 42. Be3 Ra6 43. f4 Kf7 44. Bb5 Rxa1 45. Rxa1 Bb7 46. Kf2 Ke8 47. h5
gxh5 48. Kg3 Kf7 49. Kh4 Nf8 50. Kg5 Kg8 51. Kxh5 Nd8 52. Bc5 Nc6 53. Kh6 Nd7
54. Bd6 d4 55. Bxc4 Nd8 1-0

[Event "XV C.to Mondiale seniores"]
[Site "Lignano Sabbiadoro ITA"]
[Date "2005.10.07"]
[Round "9"]
[White "Gruzmann, Boris"]
[Black "Shestoperov, Aleksej"]
[Result "1/2-1/2"]
[WhiteElo "2278"]
[BlackElo "2432"]
[PlyCount "44"]
[EventDate "2005.09.28"]

1. e4 c5 2. Nf3 e6 3. d4 cxd4 4. Nxd4 Nc6 5. Nb5 d6 6. c4 a6 7. N5c3 Nf6 8. Be2
Be7 9. O-O O-O 10. Be3 b6 11. f3 Bb7 12. Qd2 Ne5 13. Rd1 Qc7 14. Na3 Rac8 15.
Rac1 Ned7 16. Bf1 Qb8 17. Nc2 Bd8 18. Bf4 Ne5 19. b3 Bc7 20. Bg5 Ned7 21. Bf4
Ne5 22. Bg5 Ned7 1/2-1/2

[Event "XV C.to Mondiale seniores"]
[Site "Lignano Sabbiadoro ITA"]
[Date "2005.10.07"]
[Round "9"]
[White "Gutzeit, Avraham"]
[Black "Haug, Kjell Martin"]
[Result "1/2-1/2"]
[WhiteElo "2091"]
[BlackElo "1950"]
[PlyCount "58"]
[EventDate "2005.09.28"]

1. e4 e5 2. Nf3 Nc6 3. Bb5 d6 4. d4 exd4 5. Nxd4 Bd7 6. O-O Nf6 7. Nc3 Be7 8.
Nxc6 bxc6 9. Ba4 O-O 10. Qd3 h6 11. Bb3 c5 12. h3 Qc8 13. Bf4 Be6 14. Nd5 Nxd5
15. Bxd5 Bxd5 16. Qxd5 Rd8 17. Rad1 Bf6 18. c3 Rb8 19. Rd2 Re8 20. Bg3 Qb7 21.
Qxb7 Rxb7 22. Re1 g5 23. f3 Be5 24. Bxe5 Rxe5 25. Kf2 Kg7 26. g3 f6 27. Rde2 c4
28. Rd1 Reb5 29. Rdd2 Kf7 1/2-1/2

[Event "XV C.to Mondiale seniores"]
[Site "Lignano Sabbiadoro ITA"]
[Date "2005.10.07"]
[Round "9"]
[White "Harito, Roberto"]
[Black "Gestrich, Wolfgang"]
[Result "1/2-1/2"]
[WhiteElo "1733"]
[BlackElo "1767"]
[PlyCount "114"]
[EventDate "2005.09.28"]

1. e4 e5 2. Nf3 Nf6 3. Nxe5 d6 4. Nf3 Nxe4 5. d3 Nf6 6. Be2 Be7 7. O-O O-O 8.
Re1 Re8 9. c3 Bf8 10. Bg5 h6 11. Bh4 Bf5 12. Nbd2 g5 13. Bg3 Nc6 14. d4 a6 15.
a3 Nh5 16. Bc4 Rxe1+ 17. Nxe1 Nxg3 18. hxg3 Qd7 19. Nf1 Re8 20. Ne3 Bg6 21. Nf3
Bg7 22. Qd2 Ne7 23. Re1 b5 24. Bd3 c6 25. Bxg6 Nxg6 26. Nf1 Rxe1 27. Qxe1 Qe7
28. Qxe7 Nxe7 29. g4 Ng6 30. g3 Ne7 31. Ne3 Kf8 32. Nd2 Ke8 33. Kf1 a5 34. b4
a4 35. Ne4 Kd7 36. Ke2 Kc7 37. Kd3 Kd7 38. f4 f6 39. f5 Kc7 40. Nf2 d5 41. Nf1
Kb6 42. Nd2 Nc8 43. Ke3 Nd6 44. Nd3 Nb7 45. Nc5 Nxc5 46. dxc5+ Kc7 47. Nf3 Kd7
48. Nd4 Bf8 49. Ne6 Be7 50. Kd4 Kc8 51. Kd3 Kd7 52. Ke3 Kc8 53. Kd3 Kd7 54. Kd4
Kc8 55. Ng7 Kd8 56. Nh5 Kc8 57. Ng7 Kd7 1/2-1/2

[Event "XV C.to Mondiale seniores"]
[Site "Lignano Sabbiadoro ITA"]
[Date "2005.10.07"]
[Round "9"]
[White "Hecht, Hans-Joachim"]
[Black "Jansa, Vlastimil"]
[Result "0-1"]
[WhiteElo "2388"]
[BlackElo "2511"]
[PlyCount "62"]
[EventDate "2005.09.28"]

1. Nf3 g6 2. e4 Bg7 3. d4 d6 4. Bc4 Nf6 5. Qe2 O-O 6. O-O Bg4 7. Nbd2 Nc6 8. c3
e5 9. h3 Bxf3 10. Nxf3 exd4 11. cxd4 d5 12. exd5 Nxd5 13. Bg5 Nxd4 14. Nxd4
Qxg5 15. Ne6 fxe6 16. Qxe6+ Kh8 17. Qxd5 Qh4 18. g3 Qxh3 19. Qxb7 Bd4 20. Qg2
Qg4 21. Rae1 Rae8 22. Rxe8 Rxe8 23. b3 Kg7 24. a4 Re5 25. Bd5 Rg5 26. Re1 Kf8
27. Kf1 Bc3 28. Re2 Qd4 29. Qf3+ Rf5 30. Re4 Qxd5 31. Qe3 Bf6 0-1

[Event "XV C.to Mondiale seniores"]
[Site "Lignano Sabbiadoro ITA"]
[Date "2005.10.07"]
[Round "9"]
[White "Hohler, Peter"]
[Black "Gousseinov, Aguif"]
[Result "1/2-1/2"]
[WhiteElo "2228"]
[BlackElo "2066"]
[PlyCount "90"]
[EventDate "2005.09.28"]

1. d4 d5 2. c4 c6 3. Nf3 Nf6 4. e3 Bf5 5. Nc3 e6 6. Nh4 Bg4 7. Qb3 Qb6 8. h3
Bh5 9. g4 Bg6 10. Nxg6 hxg6 11. g5 Nfd7 12. Bd2 Be7 13. f4 Na6 14. Qxb6 axb6
15. Kf2 Nc7 16. b3 Ba3 17. Bc1 Ke7 18. Bxa3+ Rxa3 19. Nb1 Ra5 20. a4 Rha8 21.
Nc3 R5a7 22. Rb1 Ne8 23. e4 dxe4 24. Nxe4 Nd6 25. Nxd6 Kxd6 26. Be2 Rh8 27.
Rbd1 Ke7 28. Kg3 Nb8 29. Rhe1 Kd6 30. Bf1 Na6 31. Re5 Nc7 32. Re3 Rd8 33. Rc3
Ke7 34. Kf3 Ne8 35. Re3 Kf8 36. Rc3 Ra5 37. Ke3 Nd6 38. Bd3 Ke7 39. Bc2 Rh8 40.
Kf2 Nf5 41. Bxf5 Rxf5 42. Kg3 Rd8 43. Rcd3 Ra5 44. Kf3 Rd7 45. Ke3 Ra8 1/2-1/2

[Event "XV C.to Mondiale seniores"]
[Site "Lignano Sabbiadoro ITA"]
[Date "2005.10.07"]
[Round "9"]
[White "Karasev, Vladimir I."]
[Black "Joksic, Sinisa"]
[Result "1-0"]
[WhiteElo "2390"]
[BlackElo "2282"]
[PlyCount "87"]
[EventDate "2005.09.28"]

1. Nf3 Nf6 2. g3 g6 3. Bg2 Bg7 4. O-O O-O 5. d3 d5 6. c3 c5 7. Qa4 Nc6 8. Qh4
e5 9. Bg5 Qd6 10. Nbd2 Nh5 11. g4 Nf4 12. Bxf4 exf4 13. c4 Be6 14. cxd5 Bxd5
15. Ng5 h6 16. Nge4 Qe5 17. g5 Nd4 18. gxh6 Nf5 19. Qg5 Bxh6 20. Qf6 Bg7 21.
Qxe5 Bxe5 22. Nxc5 Bxg2 23. Kxg2 Bxb2 24. Rab1 Ba3 25. Nd7 Rfd8 26. Rxb7 Nd6
27. Rb3 Rxd7 28. Rxa3 Rc8 29. Nf3 Rc2 30. Nd4 Rb2 31. Rc1 Kg7 32. Rc2 Rxc2 33.
Nxc2 Nf5 34. Ra4 g5 35. Kf3 Kg6 36. d4 Nd6 37. e3 fxe3 38. Nxe3 Nb5 39. d5 Rd6
40. Rc4 f5 41. a4 f4 42. axb5 fxe3 43. Rc6 Rf6+ 44. Kxe3 1-0

[Event "XV C.to Mondiale seniores"]
[Site "Lignano Sabbiadoro ITA"]
[Date "2005.10.07"]
[Round "9"]
[White "Klovans, Janis"]
[Black "Jakobsen, Ole"]
[Result "1-0"]
[WhiteElo "2463"]
[BlackElo "2385"]
[PlyCount "95"]
[EventDate "2005.09.28"]

1. e4 c5 2. Nf3 a6 3. c3 e6 4. d4 d5 5. e5 Bd7 6. dxc5 Bxc5 7. Bd3 Nc6 8. O-O
Nge7 9. Bf4 Ng6 10. Bg3 O-O 11. Nbd2 f5 12. exf6 Qxf6 13. Nb3 Ba7 14. Bxg6 Qxg6
15. Nbd4 Bxd4 16. cxd4 Qh5 17. Re1 Rac8 18. Rc1 Rce8 19. Rc3 h6 20. Qd2 Rf7 21.
h3 Ref8 22. Nh2 Qg6 23. b3 Kh7 24. Ng4 h5 25. Ne5 Nxe5 26. Rxe5 Rf5 27. Rc7 Bc6
28. Qe1 Rxe5 29. Qxe5 Rf7 30. Rc8 Qf5 31. Qxf5+ exf5 32. Be5 f4 33. f3 Kg6 34.
Kf2 Kf5 35. h4 g6 36. a4 Bd7 37. Rb8 Bc6 38. Ke1 Ke6 39. Kd2 Kf5 40. Kc3 a5 41.
Ra8 b6 42. Rb8 Bb7 43. Kd2 Ba6 44. Ke1 Bb7 45. Rd8 b5 46. axb5 Ke6 47. Kd2 Kf5
48. Rg8 1-0

[Event "XV C.to Mondiale seniores"]
[Site "Lignano Sabbiadoro ITA"]
[Date "2005.10.07"]
[Round "9"]
[White "Kock, Hans-Uwe"]
[Black "Trifunovic, Dusan"]
[Result "1-0"]
[WhiteElo "2127"]
[BlackElo "2019"]
[PlyCount "39"]
[EventDate "2005.09.28"]

1. d4 Nf6 2. c4 e5 3. dxe5 Ne4 4. a3 b6 5. Nf3 Bb7 6. Nbd2 Bc5 7. Nxe4 Bxe4 8.
b4 Be7 9. Bb2 O-O 10. e3 f6 11. Bd3 Bxd3 12. Qxd3 Nc6 13. Rd1 Nxe5 14. Bxe5
fxe5 15. Nxe5 Bd6 16. Qd5+ Kh8 17. Nf7+ Rxf7 18. Qxf7 Qg5 19. Qd5 Qxd5 20. Rxd5
1-0

[Event "XV C.to Mondiale seniores"]
[Site "Lignano Sabbiadoro ITA"]
[Date "2005.10.07"]
[Round "9"]
[White "Krasevec, Viktor"]
[Black "Barlo, Werner"]
[Result "1-0"]
[WhiteElo "2065"]
[BlackElo "1876"]
[PlyCount "65"]
[EventDate "2005.09.28"]

1. d4 Nf6 2. c4 e6 3. Nf3 b6 4. Nc3 Bb4 5. Bg5 h6 6. Bxf6 Qxf6 7. e4 O-O 8. a3
Bxc3+ 9. bxc3 Ba6 10. Bd3 Nc6 11. O-O Na5 12. Qe2 d6 13. e5 dxe5 14. Nxe5 Rad8
15. f4 Bb7 16. Ng4 Qh4 17. g3 Qh3 18. Ne5 f5 19. Rf2 Nc6 20. Ng6 Rf6 21. Nh4
Rdf8 22. Qe3 Ne7 23. Re1 Ng6 24. Bf1 Qg4 25. h3 Qh5 26. Be2 Qxh4 27. gxh4 Nxh4
28. Kh2 Rg6 29. Rg1 Rff6 30. Bh5 Rxg1 31. Kxg1 Be4 32. Qg3 Nf3+ 33. Bxf3 1-0

[Event "XV C.to Mondiale seniores"]
[Site "Lignano Sabbiadoro ITA"]
[Date "2005.10.07"]
[Round "9"]
[White "Laco, Giuseppe"]
[Black "Loktiev, Ivan"]
[Result "0-1"]
[WhiteElo "2104"]
[BlackElo "2396"]
[PlyCount "166"]
[EventDate "2005.09.28"]

1. c4 f5 2. b4 Nf6 3. Bb2 e6 4. a3 Be7 5. g3 O-O 6. f3 b6 7. Nh3 Bb7 8. Nf2 d5
9. e3 Nbd7 10. d3 Qe8 11. Bg2 dxc4 12. dxc4 Rd8 13. Qe2 Bd6 14. O-O Qh5 15. Nc3
Ne5 16. Nh3 Ned7 17. Nb5 a6 18. Nxd6 cxd6 19. Nf4 Qf7 20. e4 e5 21. Nd5 Nxd5
22. cxd5 Rc8 23. Bh3 g6 24. f4 exf4 25. Rxf4 Rfe8 26. Qf2 Rc4 27. Re1 b5 28.
Qd2 Ne5 29. Ref1 Kg7 30. Bxf5 gxf5 31. Rxf5 Qe7 32. Qf4 Bxd5 33. Rf6 Kh8 34.
Qh6 Rxe4 35. Rxd6 Qa7+ 36. Rb6 Qg7 37. Qxg7+ Kxg7 38. Rxa6 Re2 39. Rf2 Re1+ 40.
Rf1 Rxf1+ 41. Kxf1 Kf7 42. Bxe5 Rxe5 43. Kf2 Bc4 44. g4 Re6 45. Ra7+ Kg6 46. h4
h6 47. a4 bxa4 48. Rxa4 Re4 49. Kf3 Rd4 50. Ra7 Bd5+ 51. Kg3 Rxb4 52. Ra6+ Kg7
53. h5 Bf7 54. Rd6 Re4 55. Kf3 Re6 56. Rd4 Re5 57. Kf4 Kf6 58. Rb4 Rc5 59. Rb6+
Be6 60. Kf3 Rc3+ 61. Kf4 Rc4+ 62. Kf3 Ke5 63. Rb5+ Bd5+ 64. Kg3 Rc3+ 65. Kh4
Rc1 66. Kg3 Rg1+ 67. Kh3 Rd1 68. Kg3 Rd3+ 69. Kh4 Kf6 70. Rb6+ Be6 71. Rb4 Rc3
72. Rf4+ Ke5 73. Rb4 Rc1 74. Kg3 Rg1+ 75. Kh3 Re1 76. Kh4 Re3 77. Ra4 Rf3 78.
Ra5+ Bd5 79. Rb5 Rd3 80. Ra5 Kf4 81. Ra4+ Ke5 82. g5 Be6 83. gxh6 Kf6 0-1

[Event "XV C.to Mondiale seniores"]
[Site "Lignano Sabbiadoro ITA"]
[Date "2005.10.07"]
[Round "9"]
[White "Limberg, Siegfried"]
[Black "Bernhoeft, Erhard"]
[Result "1/2-1/2"]
[WhiteElo "2143"]
[BlackElo "2079"]
[PlyCount "46"]
[EventDate "2005.09.28"]

1. d4 g6 2. Nf3 d6 3. e3 Bg7 4. Be2 Nf6 5. c4 c5 6. Nc3 Nbd7 7. O-O O-O 8. Qc2
b6 9. Rd1 Bb7 10. d5 a6 11. e4 Qc7 12. Ne1 Rfe8 13. Be3 h6 14. Rac1 Rab8 15. h3
Rbd8 16. Qd2 Nh7 17. a4 e6 18. b3 exd5 19. exd5 Re7 20. Bd3 Rde8 21. Nf3 Bc8
22. Ne2 Ne5 23. Qc2 Nf8 1/2-1/2

[Event "XV C.to Mondiale seniores"]
[Site "Lignano Sabbiadoro ITA"]
[Date "2005.10.07"]
[Round "9"]
[White "Ljubarskij, Juri"]
[Black "Wagman, Stuart"]
[Result "1-0"]
[WhiteElo "2290"]
[BlackElo "2142"]
[PlyCount "165"]
[EventDate "2005.09.28"]

1. e4 e5 2. Nf3 Nc6 3. Bb5 a6 4. Ba4 Nf6 5. d3 d6 6. c3 Be7 7. O-O O-O 8. Re1
b5 9. Bc2 Nb8 10. Nbd2 c5 11. Nf1 h6 12. h3 Re8 13. d4 Qc7 14. Ng3 Bf8 15. Be3
Bb7 16. d5 Nbd7 17. Qd2 Nb6 18. b3 Bc8 19. Nh4 Qd8 20. Nhf5 Kh7 21. Rad1 Ng8
22. Nf1 g6 23. N5g3 h5 24. Nh2 Bh6 25. Nf3 Ra7 26. Rf1 Bxe3 27. Qxe3 Kg7 28.
Nh2 h4 29. Ne2 g5 30. Rd2 f6 31. Qf3 Ne7 32. Ng4 Bxg4 33. hxg4 Ng6 34. Re1 Rh8
35. Rb1 Nf4 36. Bd1 Nd7 37. a4 b4 38. Rc2 a5 39. Nc1 Qb6 40. Be2 Nxe2+ 41. Qxe2
Nf8 42. cxb4 axb4 43. Nd3 Ng6 44. Nb2 Nf4 45. Qd2 Qd8 46. Nc4 Qd7 47. Ne3 Kg6
48. Nf5 Qh7 49. Kh2 Rd7 50. a5 Ra8 51. Ra1 Ra6 52. Ne3 Rda7 53. Rca2 Qc7 54.
Nc4 Qd7 55. f3 Qb5 56. Rc2 Ra8 57. Rh1 R8a7 58. Rcc1 Rh7 59. Qa2 Qb7 60. Kg1
Qd7 61. Kf2 Qd8 62. Rh2 Rh8 63. Rch1 Ra7 64. Ke3 Rhh7 65. Qa4 Qa8 66. g3 hxg3
67. Rxh7 Rxh7 68. Rxh7 Kxh7 69. Qd7+ Kg6 70. Nxd6 Nxd5+ 71. Ke2 Nf4+ 72. Kf1
Qa6+ 73. Nc4 g2+ 74. Kf2 g1=Q+ 75. Kxg1 Ne2+ 76. Kf2 Nd4 77. Qd6 Qxd6 78. Nxd6
Nc6 79. a6 Kg7 80. Ke2 Kf8 81. Nb5 Ke7 82. Kd3 Kd7 83. a7 1-0

[Event "XV C.to Mondiale seniores"]
[Site "Lignano Sabbiadoro ITA"]
[Date "2005.10.07"]
[Round "9"]
[White "Luecke, Volkmar"]
[Black "Ollek, Karl Heinz"]
[Result "1-0"]
[WhiteElo "2017"]
[BlackElo "1807"]
[PlyCount "87"]
[EventDate "2005.09.28"]

1. Nf3 Nf6 2. g3 g6 3. Bg2 Bg7 4. O-O d6 5. d4 c6 6. b3 O-O 7. Bb2 Qc7 8. c4
Nbd7 9. Nbd2 Re8 10. Rc1 Nh5 11. Qc2 e5 12. dxe5 Nxe5 13. Nxe5 Bxe5 14. Bxe5
Rxe5 15. Nf3 Re7 16. e3 Bf5 17. Qc3 Rae8 18. Rfd1 Be4 19. Rd2 Ng7 20. Rcd1 d5
21. cxd5 cxd5 22. Qxc7 Rxc7 23. Ne1 Rec8 24. f3 Bf5 25. Rxd5 Be6 26. Rd8+ Ne8
27. f4 Kg7 28. Rxc8 Bxc8 29. Rd2 b6 30. Rc2 Ba6 31. Kf2 f5 32. Rxc7+ Nxc7 33.
Nc2 Bd3 34. Nd4 Kf6 35. Ke1 a5 36. Kd2 Ba6 37. a3 Ne8 38. Kc3 Nd6 39. b4 axb4+
40. axb4 h6 41. Bc6 Bc4 42. Nf3 b5 43. Kd4 Ke6 44. Ne5 1-0

[Event "XV C.to Mondiale seniores"]
[Site "Lignano Sabbiadoro ITA"]
[Date "2005.10.07"]
[Round "9"]
[White "Maissenbacher, Werner"]
[Black "Haupt, Joachim"]
[Result "0-1"]
[WhiteElo "1981"]
[BlackElo "1841"]
[PlyCount "82"]
[EventDate "2005.09.28"]

1. e4 c5 2. Nf3 Nc6 3. d4 cxd4 4. Nxd4 Nf6 5. Nc3 e6 6. Bc4 Bb4 7. f3 O-O 8.
Nde2 d5 9. e5 Nxe5 10. Bb3 Qb6 11. Bd2 Bd7 12. Ng3 Rfd8 13. Qe2 Qc7 14. O-O-O
Nc4 15. Bxc4 Qxc4 16. Qxc4 dxc4 17. Rhe1 Bc6 18. Nge2 Rd7 19. a3 Bc5 20. Bg5
Rxd1+ 21. Rxd1 Nd5 22. Nxd5 exd5 23. Nc3 f6 24. Bh4 Rd8 25. Bg3 Be3+ 26. Kb1 f5
27. Be5 d4 28. Ne2 d3 29. cxd3 Ba4 30. Rf1 cxd3 31. Nc3 Bc2+ 32. Ka2 d2 33. Nd1
f4 34. h4 Rd5 35. Bc3 h6 36. b4 Rh5 37. Rh1 Rxh4 38. Rxh4 Bxd1 39. Bxd2 Bxd2
40. Rh5 Be2 41. Rd5 Bc4+ 0-1

[Event "XV C.to Mondiale seniores"]
[Site "Lignano Sabbiadoro ITA"]
[Date "2005.10.07"]
[Round "9"]
[White "Malmdin, Nils Ake"]
[Black "Guaglianone, Mario"]
[Result "1-0"]
[WhiteElo "2222"]
[BlackElo "2155"]
[PlyCount "43"]
[EventDate "2005.09.28"]

1. e4 d6 2. d4 Nf6 3. Nc3 g6 4. Nf3 Bg7 5. Be3 c6 6. Qd2 h6 7. h3 b5 8. Bd3 a6
9. O-O Qc7 10. e5 dxe5 11. Nxe5 c5 12. Bf4 cxd4 13. Nxb5 Qd8 14. Nxd4 O-O 15.
c3 Kh7 16. Qc2 Nd5 17. Bg3 f5 18. Rfe1 Nb4 19. cxb4 Qxd4 20. Qc5 Qxc5 21. bxc5
Bb7 22. Rac1 1-0

[Event "XV C.to Mondiale seniores"]
[Site "Lignano Sabbiadoro ITA"]
[Date "2005.10.07"]
[Round "9"]
[White "Masich, Vladimir"]
[Black "Hicker, Harald"]
[Result "0-1"]
[WhiteElo "2072"]
[BlackElo "2171"]
[PlyCount "124"]
[EventDate "2005.09.28"]

1. d4 d5 2. c4 e6 3. Nc3 Nf6 4. cxd5 exd5 5. Bg5 c6 6. Qc2 h6 7. Bxf6 Qxf6 8.
Nxd5 Qxd4 9. Rd1 Bb4+ 10. Nc3 Bxc3+ 11. bxc3 Qc5 12. e3 Bf5 13. Bd3 Bxd3 14.
Qxd3 O-O 15. Ne2 Na6 16. O-O Qg5 17. Qb1 Nc5 18. Rd4 Rad8 19. Rfd1 Ne6 20. Rd7
Rxd7 21. Rxd7 Nc5 22. Rd4 Rd8 23. h3 Ne6 24. Rg4 Qd5 25. Nd4 c5 26. Nxe6 Qd1+
27. Qxd1 Rxd1+ 28. Kh2 fxe6 29. Ra4 a6 30. Ra5 Rd2 31. Kg3 Rc2 32. Rxc5 Rxa2
33. Rc8+ Kh7 34. c4 Kg6 35. c5 Rc2 36. Rb8 Rxc5 37. Rxb7 a5 38. Ra7 Kf6 39. h4
h5 40. Kf3 g6 41. g3 Ke5 42. Rg7 a4 43. Rxg6 Kd6 44. Rg8 Ra5 45. Rd8+ Kc5 46.
Rd1 a3 47. g4 a2 48. Ra1 hxg4+ 49. Kxg4 Kb4 50. f4 Kb3 51. e4 Kb2 52. Rxa2+
Rxa2 53. f5 exf5+ 54. exf5 Kc3 55. h5 Kd4 56. Kf4 Rf2+ 57. Kg5 Ke5 58. Kg6 Rg2+
59. Kf7 Kxf5 60. h6 Ra2 61. h7 Ra7+ 62. Kg8 Kg6 0-1